The Citadel : (Record no. 218015)

000 -LEADER
fixed length control field 01553 a2200193 4500
003 - CONTROL NUMBER IDENTIFIER
control field Nust
005 - DATE AND TIME OF LATEST TRANSACTION
control field 20170207171638.0
040 ## - CATALOGING SOURCE
Transcribing agency Nust
082 ## - DEWEY DECIMAL CLASSIFICATION NUMBER
Classification number 050
100 ## - MAIN ENTRY--PERSONAL NAME
Personal name Command and Staff College (Quetta, Pakistan)
245 ## - TITLE STATEMENT
Title The Citadel :
Remainder of title professional magazine of the Command and Staff College - No. 2/2006
Statement of responsibility, etc. Command and Staff College (Quetta, Pakistan)
260 ## - PUBLICATION, DISTRIBUTION, ETC.
Place of publication, distribution, etc. Quetta,Pakistan
Name of publisher, distributor, etc. Comdt and Staff Press Quetta
Date of publication, distribution, etc. 2006
300 ## - PHYSICAL DESCRIPTION
Extent 162p.:
490 ## - SERIES STATEMENT
Series statement Vol. XXIV
505 ## - FORMATTED CONTENTS NOTE
Formatted contents note Letter (Page-4) Extremism Affecting the Muslim World by Lt Col Najeeb Ahmad (Page-17) Some Impertinent Facts about our Reading Habit? By Brigadier Abid Pervaiz (Page-27) Divine Dimension of Warfare Major Salar Malik (Page-35) Pakistan-US Relation: Beyond ‘‘ Ware Against Terrorism” Prospect and Challenges by Lt Col Azhar Saleh Abbasi (Page-39) Is Deterrence Breakdown Probable in South Asia? By Lt Col Naveed Safdar (Page-51) Tactical Appreciation- A Reappraisal Lt Col Gulraiz Khan (Page-69) 21st Century Warfare and the Officer Leadership by Brigadier Raashid Wali Janjua (Page-83) Operation Parakaram and India Military Thought by LT Col Muhammad Ihsanullah (Page-98) Headquarters Division Logistics- Operational Dimension by Lt Col Asim Iqbal (Page-109) A need for Efficient Water Management Strategy in Pakistan by Lt Col Faiz Hamid Page-116) If by Rudyard Kipling Contributed by Major Zahid Raza (Page-125)
538 ## - SYSTEM DETAILS NOTE
System details note Almirah No.137 Shelf No.6
650 ## - SUBJECT ADDED ENTRY--TOPICAL TERM
Topical term or geographic name entry element Pakistan. -- Army -- Periodicals
651 ## - SUBJECT ADDED ENTRY--GEOGRAPHIC NAME
Geographic name Pakistan -- Military policy -- Periodicals.
942 ## - ADDED ENTRY ELEMENTS (KOHA)
Koha item type
Holdings
Withdrawn status Lost status Source of classification or shelving scheme Damaged status Not for loan Collection code Permanent Location Current Location Date acquired Total Checkouts Full call number Barcode Date last seen Price effective from Koha item type
            Military College of Signals (MCS) Military College of Signals (MCS) 12/12/2016   050 COM MCSP-95/14 12/08/2016 12/12/2016 Book
© 2023 Central Library, National University of Sciences and Technology. All Rights Reserved.